Prestressed Concrete Bridges / (Record no. 15226)
[ view plain ]
| 000 -LEADER | |
|---|---|
| fixed length control field | 01018cam a22002538a 4500 |
| 001 - CONTROL NUMBER | |
| control field | 14718804 |
| 005 - DATE AND TIME OF LATEST TRANSACTION | |
| control field | 20100216083022.0 |
| 008 - FIXED-LENGTH DATA ELEMENTS--GENERAL INFORMATION | |
| fixed length control field | 070131r20092010ii |rb 001 0 eng |
| 020 ## - INTERNATIONAL STANDARD BOOK NUMBER | |
| International Standard Book Number | 9788123917009 |
| 040 ## - CATALOGING SOURCE | |
| Original cataloging agency | DLC |
| Transcribing agency | DLC |
| Modifying agency | DLC |
| 050 00 - LIBRARY OF CONGRESS CALL NUMBER | |
| Classification number | TG340 |
| Item number | .B3975 2007 |
| 082 00 - DEWEY DECIMAL CLASSIFICATION NUMBER | |
| Classification number | 624.2 |
| Edition number | 22 |
| Item number | RAJ |
| 100 1# - MAIN ENTRY--PERSONAL NAME | |
| Personal name | Raju ,N.Krishna. |
| 9 (RLIN) | 18851 |
| 245 14 - TITLE STATEMENT | |
| Title | Prestressed Concrete Bridges / |
| Statement of responsibility, etc | N. Krishna Raju |
| 260 ## - PUBLICATION, DISTRIBUTION, ETC. (IMPRINT) | |
| Place of publication, distribution, etc | New Delhi: |
| Name of publisher, distributor, etc | CBS Publishers, 2009 |
| Date of publication, distribution, etc | 2009 |
| 300 ## - PHYSICAL DESCRIPTION | |
| Extent | 363 p.: |
| Other physical details | ill. ; |
| Dimensions | 25 cm. |
| 504 ## - BIBLIOGRAPHY, ETC. NOTE | |
| Bibliography, etc | Includes bibliographical references and index. |
| 650 #0 - SUBJECT ADDED ENTRY--TOPICAL TERM | |
| Topical term or geographic name as entry element | Concrete bridges |
| General subdivision | Design and construction |
| 9 (RLIN) | 23508 |
| 650 #0 - SUBJECT ADDED ENTRY--TOPICAL TERM | |
| Topical term or geographic name as entry element | Reinforced concrete construction. |
| 9 (RLIN) | 17951 |
| 856 41 - ELECTRONIC LOCATION AND ACCESS | |
| Materials specified | Table of contents only |
| Uniform Resource Identifier | <a href="http://www.loc.gov/catdir/toc/ecip0710/2007004615.html">http://www.loc.gov/catdir/toc/ecip0710/2007004615.html</a> |
| 942 ## - ADDED ENTRY ELEMENTS (KOHA) | |
| Source of classification or shelving scheme | Dewey Decimal Classification |
| Item type | Book - Borrowing |
| Withdrawn status | Item status | Source of classification or shelving scheme | Damaged status | Not for loan | Vendor | Home library | Current library | Shelving location | Date acquired | Source of acquisition | Cost, normal purchase price | Serial Enumeration / chronology | Total Checkouts | Full call number | Barcode | Date last seen | Date last borrowed | Koha item type |
|---|---|---|---|---|---|---|---|---|---|---|---|---|---|---|---|---|---|---|
| Dewey Decimal Classification | Arab Oasis | Central Library | Central Library | First floor | 02/05/2011 | 93.00 | 72 | 2 | 624.2 RAJ | 000023503 | 15/07/2025 | 09/06/2019 | Book - Borrowing |